| 000 | 01465nam0a22003011 4500 | ||
|---|---|---|---|
| 001 | rc\2230184 | ||
| 005 | 20260407144509.0 | ||
| 035 | _a(NLR Aleph) 006646632 | ||
| 090 |
_a4750208 _c4750208 |
||
| 100 | _a20110829d1979 |||y0rusy50 ca | ||
| 101 | 0 | _arus | |
| 102 | _aRU | ||
| 105 | _aa z ||||| | ||
| 200 | 1 |
_aТиповые паспорта управления кровлей и крепления очистных выработок россыпных шахт области вечной мерзлоты _eМетод. руководство _fМ-во цв. металлургии СССР, Союззолото. Об-ние "Северовостокзолото", ВНИИ золота и ред. металлов ВНИИ-1 _g[Сост. к. т. н. В.В. Потапенко, Е.Д. Кудлай, инж. И.Т. Басов и др.] |
|
| 210 |
_aМагадан _cВНИИ-1 _d1979 |
||
| 215 |
_a60 с., 1 л. схем. _cил. _d22х31 |
||
| 320 | _aБиблиогр.: с. 59 | ||
| 702 | 1 |
_aКудлай _bЕ.Д. _4220 |
|
| 702 | 1 |
_aБасов _bИ.Т. _4220 |
|
| 702 | 1 |
_aПотапенко _bВ.В. _gВладимир Васильевич _4220 |
|
| 712 | 0 | 2 |
_aВНИИ золота и редких металлов _cМагадан _3RU\NLR\AUTH\8810018900 _9535688 |
| 801 | 1 |
_aRU _bELAR _2rusmarc |
|
| 801 | 0 |
_aRU _bNLR _gpsbo |
|
| 852 |
_aNLR _j79-9/17 |
||
| 899 |
_aRuMoRGB _jБ Фол-33/11 |
||
| 899 |
_aRuMoRGB _jБ Фол-33/12 |
||
| 942 | _cBOOK | ||
| 980 | _aNB | ||